000 003490000a22000970004500
100 1 _aParry, Robin
245 1 0 _aGreeks bearing gifts? Appropriating nussbaum (appropriating Aristitle) for a christian approach to Old Testament narrative ethics
300 _aVol. 9, Núm 1 (2000), Páginas 61-73
773 0 _tEuropean Journal of Theology
942 _cANA
999 _c53983
_d53983